Statistics for Western European Airlines Hubs/Focus Cities

Click here to take the quiz!

General Stats

  • This quiz has been taken 275 times
    (274 since last reset)
  • The average score is 166 of 251

Answer Stats

HintAnswer% Correct
Aer Lingus | RyanairDublin
98%
FlybeLondon-City
98%
British Airways | EasyJet | Virgin AtlanticLondon-Gatwick
98%
British Airways | Virgin AtlanticLondon-Heathrow
98%
EasyJet | RyanairLondon-Luton
98%
EasyJetLondon-Southend
98%
EasyJet | RyanairLondon-Stansted
98%
Aigle Azur | Air France | Vueling | XL Airways FranceParis-Charles de Gaulle
98%
EasyJetParis-Charles de Gualle
98%
Aigle Azur | Air France | OpenSkies | +2 othersParis-Orly
98%
Air Europa | Air Nostrum | EasyJet | +3 othersBarcelona
97%
Air Europa | Air Nostrum | Iberia | +2 othersMadrid
97%
EasyJet | KLM | Martinair | +3 othersAmsterdam
96%
Condor | Lufthansa | TUIflyFrankfurt
96%
RyanairFrankfurt-Hahn
96%
Austrian Airlines | EurowingsVienna
96%
Air Berlin | Edelweiss Air | Swiss International Air Lines | VuelingZurich
96%
Azores Airlines | EasyJet | Ryanair | TAP PortugalLisbon
95%
Air Berlin | BMI Regional | Condor | +3 othersMunich
95%
Condor | EasyJet | Germania | RyanairBerlin-Schonefeld
94%
Air Berlin | EurowingsBerlin-Tegel
94%
Brussels Airlines | Jetairfly | Ryanair | VuelingBrussels
93%
JetairflyBrussels-South Charleroi
93%
EasyJet | Flybe | Ryanair | Virgin AtlanticManchester
92%
EasyJet | RyanairMilan-Malpensa
91%
EasyJetParis-Orly
91%
RyanairRome-Ciampino
91%
Ryanair | VuelingRome-Fiumicino
91%
Air Berlin | Condor | EasyJet | +2 othersHamburg
90%
EasyJet Switzerland | Swiss International Air LinesGeneva
88%
Aigle Azur | Air France | EasyJet | Transavia FranceLyon
87%
EasyJet | Ryanair | TAP PortugalPorto
87%
EasyJet | Flybe | RyanairGlasgow
86%
Air France | EasyJetNice
85%
EasyJet | Flybe | RyanairEdinburgh
84%
Air Berlin | Condor | Eurowings | +2 othersDusseldorf
83%
Flybe | RyanairBirmingham
82%
Aigle Azur | Air FranceMarseille
82%
EasyJetNaples
79%
EasyJetVenice
78%
Aer Lingus | EasyJet | Flybe | RyanairBelfast
77%
Aer Lingus | RyanairCork
77%
EasyJet | RyanairLiverpool
77%
RyanairAthens
76%
Eurowings | Ryanair | TUIflyCologne
75%
RyanairWarsaw-Modlin
75%
TransaviaRotterdam
74%
RyanairStockholm-Skavsta
73%
Air Berlin | Condor | Eurowings | TUIflyStuttgart
73%
Air Nostrum | Ryanair | VuelingValencia
73%
RyanairBrussels-South Charleroi
72%
RyanairPrague
72%
Austrian Airlines | EurowingsSalzburg
70%
Air France | EasyJetToulouse
70%
RyanairBudapest
69%
Ryanair | VuelingMalaga
68%
EasyJet SwitzerlandBasel/Mulhouse/Freiburg
67%
Air FranceBordeaux
67%
RyanairLeeds/Bradford
66%
EasyJet | Ryanair | VuelingPalma de Mallorca
65%
Austrian AirlinesInnsbruck
64%
VuelingBilbao
61%
BMI Regional | EasyJetNewcastle
61%
Ryanair | VuelingAlicante
60%
LuxairLuxembourg
60%
RyanairPalermo
60%
Ryanair | VuelingSeville
60%
RyanairBucharest
59%
JetairflyAntwerp
58%
BMI Regional | EasyJet | RyanairBristol
58%
FlybeCardiff
58%
Condor | Eurowings | Flybe | TUIflyHannover
58%
Transavia FranceNantes
58%
RyanairFaro
56%
Aer Lingus | RyanairShannon
55%
Austrian AirlinesGraz
54%
RyanairKrakow
54%
JetairflyLille
54%
BMI Regional | FlybeAberdeen
52%
VuelingFlorence
51%
Ryanair | VuelingIbiza
49%
RyanairSofia
48%
RyanairBologna
47%
CondorLeipzig/Halle
46%
GermaniaDresden
45%
RyanairBari
44%
Germania | RyanairBremen
44%
Ryanair | TransaviaEindhoven
44%
Air Europa | RyanairTenerife-South
44%
RyanairBratislava
41%
FlybeSouthampton
40%
FlybeDoncaster/Sheffield
38%
RyanairGdansk
38%
RyanairCatania
37%
RyanairMalta
35%
RyanairGran Canaria
33%
FlybeInverness
33%
RyanairPisa
31%
RyanairThessaloniki
30%
JetairflyLiege
29%
BMI Regional | RyanairEast Midlands
28%
JetairflyOstend-Bruges
27%
RyanairGothenburg
26%
RyanairWroclaw
25%
RyanairLanzarote
24%
RyanairCagliari
23%
TAP PortugalMadeira
23%
RyanairVilnius
22%
RyanairBergamo
21%
RyanairSantiago de Compostela
21%
FlybeExeter
20%
Azores Airlines | Ryanair | SATAPonta Delgada
20%
VuelingA Coruna
19%
FlybeJersey
18%
RyanairGirona
17%
RyanairCorfu
16%
RyanairBournemouth
15%
RyanairBrindisi
13%
RyanairKarlsruhe/Baden-Baden
13%
JetairflyCasablanca
12%
TUIflySaarbrucken
12%
GermaniaMunster-Osnabruck
11%
RyanairPaphos
11%
LuxairSaarbrucken
11%
RyanairLamezia Terme
9%
RyanairWeeze
9%
RyanairChania
7%
RyanairKaunas
7%
VuelingOviedo
7%
RyanairTimișoara
7%
Azores AirlinesBoston
6%
RyanairFez
6%
Jetairfly | RyanairMarrakesh
6%
Azores AirlinesToronto-Pearson
6%
RyanairZadar
6%
RyanairAlghero
5%
GermaniaErfurt-Weimar
5%
SATAHorta
4%
SATALajes
4%
RyanairTrapani
4%
RyanairPrestwick
3%
BMI RegionalKarlstad
2%

Score Distribution

Percentile by Number Answered

Percent of People with Each Score

Your Score History

You have not taken this quiz since the last reset